| 000 | 00414nam a22001577a 4500 | ||
|---|---|---|---|
| 005 | 20170822174839.0 | ||
| 008 | 130527b xxu||||| |||| 00| 0 eng d | ||
| 020 | _a9290662344 | ||
| 040 |
_cBSU _dBSU |
||
| 082 |
_222 _a633.368 RAO |
||
| 245 | _aProcedings of the fifth Reginal Groundnut Workshop for S.A | ||
| 260 |
_aIndia _bICRISAT _c1992 |
||
| 300 |
_axiv;138p _c23cm |
||
| 658 | _aAgriculture | ||
| 942 |
_2ddc _cBK |
||
| 999 |
_c4952 _d4952 |
||